Zeolites and Catalysis Synthesis, Reaction and Applications Volume 1

Enregistré dans:
Détails bibliographiques
Autres auteurs: Čejka, Jiřím 1929- (Éditeur intellectuel), Corma, Avelino (Éditeur intellectuel), Zones, Stacey (Éditeur intellectuel)
Format: Livre
Langue:anglais
Publié: Weinheim Wiley-VCH 2010
Sujets:
Accès en ligne:Voir à l'OPAC
Tags: Ajouter un tag
Pas de tags, Soyez le premier à ajouter un tag!

MARC

LEADER 00000nam a2200000 a 4500
005 20260127134133.0
008 101214 2010 gw 000 0 eng d
020 |a 9783527325146 
035 |a vtls010197579 
039 9 |a 201802121307  |b csnkv15  |c 201012140901  |d mschk03  |y 201012140853  |z mschk03 
040 |a STUSCHK1  |b slo  |c STUSCHK1  |e AACR2 
080 |a 549 
080 |a 549.67 
080 |a 544.47 
080 |a 001.891 
245 1 |a Zeolites and Catalysis  |b Synthesis, Reaction and Applications  |n Volume 1  |c edited by Jiří Čejka, Avelino Corma, and Stacey Zones 
260 |a Weinheim  |b Wiley-VCH  |c 2010 
300 |a xx, 387 s.  |b il.  |c 24,5 
650 0 |a zeolity 
650 0 |a vedecký výzkum 
700 1 |a Čejka, Jiřím  |d 1929-  |4 edt 
700 1 |a Corma, Avelino  |4 edt 
700 1 |a Zones, Stacey  |4 edt 
910 |a SCHK95 
919 |a 978-3-527-32514-6 
999 |c 4945  |d 4945